<?xml version="1.0" encoding="UTF-8"?>
<collection xmlns="http://www.loc.gov/MARC21/slim">
 <record>
  <leader>     na                 </leader>
  <controlfield tag="001">INLIS000000000006716</controlfield>
  <controlfield tag="005">20221021104910</controlfield>
  <datafield tag="035" ind1=" " ind2=" ">
   <subfield code="a">0010-0520006716</subfield>
  </datafield>
  <controlfield tag="008">221021                |          | ind  </controlfield>
  <datafield tag="020" ind1=" " ind2=" ">
   <subfield code="a">9794216631</subfield>
  </datafield>
  <datafield tag="041" ind1=" " ind2=" ">
   <subfield code="a">ind</subfield>
  </datafield>
  <datafield tag="082" ind1=" " ind2=" ">
   <subfield code="a">297.4</subfield>
  </datafield>
  <datafield tag="084" ind1=" " ind2=" ">
   <subfield code="a">297.4 MOH h</subfield>
  </datafield>
  <datafield tag="100" ind1="0" ind2=" ">
   <subfield code="a">Mohammad Daud Ali [et al.]</subfield>
  </datafield>
  <datafield tag="245" ind1="1" ind2=" ">
   <subfield code="a">Hukum Islam dan Peradilan Agama : Kumpulan Tulisan /</subfield>
   <subfield code="c">Mohammad Daud Ali [et al.]</subfield>
  </datafield>
  <datafield tag="250" ind1=" " ind2=" ">
   <subfield code="a">Ed.1. Cet. 1.</subfield>
  </datafield>
  <datafield tag="260" ind1=" " ind2=" ">
   <subfield code="a">Jakarta :</subfield>
   <subfield code="b">PT RajaGrafindo Persada,</subfield>
   <subfield code="c">1997.</subfield>
  </datafield>
  <datafield tag="300" ind1=" " ind2=" ">
   <subfield code="a">xiv, 398 p. ;</subfield>
   <subfield code="c">21 cm.</subfield>
  </datafield>
  <datafield tag="500" ind1=" " ind2=" ">
   <subfield code="a">Indeks : p.391-397</subfield>
  </datafield>
  <datafield tag="504" ind1=" " ind2=" ">
   <subfield code="a">p.383-388</subfield>
  </datafield>
  <datafield tag="520" ind1=" " ind2=" ">
   <subfield code="a">Pengesahan Undang-undang Peradilan Agama merupakan peristiwa penting bukan hanya baaagi pengembangan perangkat hukum Nasional,tetapppi juga baaaagi ummat Islam.Sebab,dengan disahkannya undang-undang itu semakin mantaplah kedudukan peradilan Agama seebagai salah satu badan pelaksana kekuasaan kehakiman yang mandiri di tanah air dalam menegakan hukum berdasarkan hukum Islam bagi pencari keadilan yang beragama Islam mengenai perkara-perkara di bidang perkawinan,kewarisan,wasiat,hibah,wakaf,dan shadaqah yang telah menjadi hukum positif di tanah air.Pemeluk agama Islam yang menjadi bagian penduduk Indonesia,dengan unddang-undang itu,diberi kesempatan untuk menaati hukum Islam yang menjadi bagian mutlak ajarannya,sesuai dengan jiwa pasal 29 Undang-Undang Dasar 1945 terutama ayat (2).Buku ini secara lebih khusus akan membahas pelbagai problem dan nuansa hukum Islam dan Peradilan Agama di Indonesia.</subfield>
  </datafield>
  <datafield tag="650" ind1=" " ind2="4">
   <subfield code="a">Hukum Islam</subfield>
  </datafield>
  <datafield tag="650" ind1=" " ind2="4">
   <subfield code="a">Pengadilan Agama</subfield>
  </datafield>
  <datafield tag="990" ind1=" " ind2=" ">
   <subfield code="a">07902/MKRI-P/X1-2008</subfield>
  </datafield>
  <datafield tag="990" ind1=" " ind2=" ">
   <subfield code="a">05559/MKRI-P/V-2008</subfield>
  </datafield>
  <datafield tag="990" ind1=" " ind2=" ">
   <subfield code="a">07903/MKRI-P/X1-2008</subfield>
  </datafield>
  <datafield tag="990" ind1=" " ind2=" ">
   <subfield code="a">07902/MKRI-P/X1-2008</subfield>
  </datafield>
  <datafield tag="990" ind1=" " ind2=" ">
   <subfield code="a">05559/MKRI-P/V-2008</subfield>
  </datafield>
  <datafield tag="990" ind1=" " ind2=" ">
   <subfield code="a">07903/MKRI-P/X1-2008</subfield>
  </datafield>
  <datafield tag="990" ind1=" " ind2=" ">
   <subfield code="a">07903/MKRI-P/X1-2008</subfield>
  </datafield>
  <datafield tag="990" ind1=" " ind2=" ">
   <subfield code="a">07902/MKRI-P/X1-2008</subfield>
  </datafield>
  <datafield tag="990" ind1=" " ind2=" ">
   <subfield code="a">05559/MKRI-P/V-2008</subfield>
  </datafield>
  <datafield tag="990" ind1=" " ind2=" ">
   <subfield code="a">05559/MKRI-P/V-2008</subfield>
  </datafield>
  <datafield tag="990" ind1=" " ind2=" ">
   <subfield code="a">07902/MKRI-P/X1-2008</subfield>
  </datafield>
  <datafield tag="990" ind1=" " ind2=" ">
   <subfield code="a">07903/MKRI-P/X1-2008</subfield>
  </datafield>
 </record>
</collection>
